| 000 | 01001nas a2200313 4500 | ||
|---|---|---|---|
| 001 | BR2019000358 | ||
| 003 | BR-BrBNA | ||
| 005 | 20231205131558.0 | ||
| 007 | ta | ||
| 008 | 230509b bl.|||p| |||| 00| 00por d | ||
| 040 |
_aBR-BrBNA _bpor _cBiblioteca Nacional de Agricultura |
||
| 041 | _a(En) | ||
| 072 | _aL74 | ||
| 100 | 1 | _aLamarca, D.S.F. | |
| 100 | 1 | _aPereira, D.F. | |
| 100 | 1 | _aMagalhães, M.M. | |
| 100 | 1 | _aSalgado, D.D. | |
| 245 | 1 | _aClimate change in layer poultry farming: Impact of heat waves in region of Bastos, Brazil | |
| 650 | _aGALINHA PARA POSTURA | ||
| 650 | _aCONDIÇÃO AMBIENTAL | ||
| 650 | _aTEMPERATURA | ||
| 650 | _aMORTALIDADE | ||
| 650 | _aPRODUÇÃO | ||
| 650 | _aOVO | ||
| 773 | 0 |
_tBrazilian Journal of Poultry Science (Brazil) _xISSN 1806-9061 _g(Oct-Dec 2018), v. 20(4) p. 657-664 _wBR2019000358 |
|
| 856 | 4 | 0 | _uhttp://www.scielo.br/pdf/rbca/v20n4/1516-635X-rbca-20-04-00657.pdf |
| 909 |
_a202311 _bLúcia _c55 _dLúcia Elande |
||
| 942 |
_2AGRIS _n0 _cANA |
||
| 999 |
_c255552 _d255552 |
||